Представление документа в формате MARC21

ПолеНазваниеЗначение
  Тип записи a
  Библиографический уровень m
001 Контрольный номер BIBLIOCLUB\0000729614
005 Дата корректировки 20260430154909.1
006 m o d
007 Элементы данных для физической характеристики c|||||||||||||
008 Кодируемые данные s2024 rus o rus d
020 Индекс ISBN __
a ISBN 978-5-9275-4854-5
041 Код языка издания 0_
a Код языка текста rus
084 Индекс другой классификации/Индекс ББК __
a Индекс другой классификации/Индекс ББК 16.84я73
b Номер единицы LBC/PL
2 Источник индекса rubbk
084 Индекс другой классификации/Индекс ББК __
a Индекс другой классификации/Индекс ББК 22.185.41я73
b Номер единицы LBC/PL
2 Источник индекса rubbk
100 Автор 1_
a Автор Косолапов Ю. В.
245 Заглавие 10
a Заглавие Некоторые приложения теории кодирования
b Продолж. заглавия учебное пособие
c Ответственность Ю. В. Косолапов
c Ответственность Южный федеральный университет
260 Выходные данные __
a Место издания Ростов-на-Дону, Таганрог
b Издательство Южный федеральный университет
c Дата издания 2024
300 Физическое описание __
a Объем 102 с.
504 Библиография __
a Библиография Библиогр. в кн
653 Ключевые слова 1_
a Ключевые слова Учебник для высшей школы
856 Электронный адрес документа 40
3 Область применения данных поля Университетская библиотека ONLINE
u URL https://biblioclub.ru/index.php?page=book&id=729614
900 Электронные ресурсы __
a Имя электронного ресурса https://img.biblioclub.ru/sm_cover/2286741b7557e0e72370e34afd39d3a2d9bjz5v4dp/cover.jpg